| 000 | 01091cam a22003013a 4500 | ||
|---|---|---|---|
| 001 | 13535 | ||
| 003 | PGUSA | ||
| 005 | 20140828083306.0 | ||
| 008 | 040927s2004||||xxu|||||s|||||000 p eng d | ||
| 040 |
_aPGUSA _beng |
||
| 042 | _adc | ||
| 050 | 4 | _aPR | |
| 245 | 1 | 0 |
_aSelections from Five English Poets _h[electronic resource] |
| 260 |
_bProject Gutenberg, _c2004 |
||
| 505 | 0 | _aA Song For St. Cecilia's Day, Dryden -- Elegy Written In A Country Churchyard, Gray -- The Traveller, Goldsmith -- The Deserted Village, Goldsmith -- The Cotter's Saturday Night, Burns -- The Ancient Mariner, Coleridge. | |
| 506 | _aPublic domain in the USA. | ||
| 516 | _aElectronic text | ||
| 653 | _aEnglish poetry | ||
| 700 | 1 |
_aGoldsmith, Oliver, _d-1774 |
|
| 700 | 1 |
_aGray, Thomas, _d1716-1771 |
|
| 700 | 1 |
_aLitchfield, Mary E. _q(Mary Elizabeth), _d1854- |
|
| 700 | 1 |
_aDryden, John, _d1631-1700 |
|
| 700 | 1 |
_aBurns, Robert, _d1759-1796 |
|
| 700 | 1 |
_aColeridge, Samuel Taylor, _d1772-1834 |
|
| 830 | 0 |
_aProject Gutenberg _v13535 |
|
| 856 | 4 | 0 | _uhttp://www.gutenberg.org/ebooks/13535 |
| 942 | _cEB | ||
| 999 |
_c242790 _d242790 |
||